Abolition of Domestic Rates Etc (Scotland) Bill (Record no. 17737)
[ view plain ]
| 000 -LEADER | |
|---|---|
| fixed length control field | 00884cab a2200205 4500 |
| 001 - CONTROL NUMBER | |
| control field | X2803 |
| 008 - FIXED-LENGTH DATA ELEMENTS--GENERAL INFORMATION | |
| fixed length control field | 090401t1987 xxu||||| |||| 00| 0 eng d |
| 035 ## - SYSTEM CONTROL NUMBER | |
| System control number | (Sirsi) u26405 |
| 041 ## - LANGUAGE CODE | |
| Language code of text/sound track or separate title | eng |
| 100 ## - MAIN ENTRY--PERSONAL NAME | |
| Personal name | Thomson, J. |
| 245 ## - TITLE STATEMENT | |
| Title | Abolition of Domestic Rates Etc (Scotland) Bill |
| 260 ## - PUBLICATION, DISTRIBUTION, ETC. | |
| Date of publication, distribution, etc. | 1987 |
| 350 ## - PRICE (NR) (BK AM CF MU VM SE) [OBSOLETE] | |
| Price | 0 |
| 490 ## - SERIES STATEMENT | |
| Series statement | Rating and Valuation |
| Volume/sequential designation | January 1987, 7-11(5) |
| 520 ## - SUMMARY, ETC. | |
| Summary, etc. | An examination of the legislation to change the domestic rating system in Scotland . Discusses background to the Bill and the case against poll tax and its detail. Highlights the additional responsibilities for valuation assessors when appointed community charge registration officers , the effect of the abolition of domestic rates on compilation and maintenance of the valuation roll . |
| 650 ## - SUBJECT ADDED ENTRY--TOPICAL TERM | |
| Topical term or geographic name entry element | RATING REFORM |
| 690 ## - LOCAL SUBJECT ADDED ENTRY--TOPICAL TERM (OCLC, RLIN) | |
| Topical term or geographic name as entry element | RATING AND VALUATION |
| 942 ## - ADDED ENTRY ELEMENTS (KOHA) | |
| Suppress in OPAC | 0 |
| 948 ## - LOCAL PROCESSING INFORMATION (OCLC); SERIES PART DESIGNATOR (RLIN) | |
| c (OCLC) | 04/03/1997 |
| Withdrawn status | Lost status | Source of classification or shelving scheme | Damaged status | Not for loan | Home library | Current library | Shelving location | Date acquired | Total Checkouts | Full call number | Barcode | Date last seen | Copy number | Price effective from | Koha item type |
|---|---|---|---|---|---|---|---|---|---|---|---|---|---|---|---|
| Dewey Decimal Classification | London | London | News article | 14/09/1999 | X2803 | 26405-1001 | 06/08/2019 | 1 | 06/08/2019 | News article |